Tratado de fisiología médica
Αποθηκεύτηκε σε:
| Κύριοι συγγραφείς: | , |
|---|---|
| Μορφή: | Βιβλίο |
| Γλώσσα: | Ισπανικά |
| Έκδοση: |
Madrid
Elsevier
2006
|
| Έκδοση: | 11a. ed |
| Θέματα: | |
| Ετικέτες: |
Προσθήκη ετικέτας
Δεν υπάρχουν, Καταχωρήστε ετικέτα πρώτοι!
|
MARC
| LEADER | 00000nam a2200000 a 4500 | ||
|---|---|---|---|
| 001 | UCI9047 | ||
| 003 | CL-VaPUC | ||
| 005 | 20241220144629.0 | ||
| 008 | 081024e20060000SP |||||||||||||||||spa|d | ||
| 999 | |c 331739 |d 331737 | ||
| 020 | |a 9788481749267 | ||
| 040 | |c Pontificia Universidad Católica de Valparaíso | ||
| 082 | 0 | 4 | |a 612 |b GUY |2 21 |
| 100 | |a Guyton, Arthur Clifton |e author |9 571525 | ||
| 245 | 1 | 0 | |a Tratado de fisiología médica |
| 250 | |a 11a. ed | ||
| 260 | |a Madrid |b Elsevier |c 2006 | ||
| 300 | |a 1115 p | ||
| 583 | |a last modification |c 20131003 04:26:12 |k Rodrigo Vera | ||
| 650 | 0 | |a Fisiología humana |x Cuerpo humano |9 269557 | |
| 650 | 0 | |a Anatomía |9 269546 | |
| 650 | 7 | |a Citología |x Biología molecular |2 CL-VaPUC |9 372633 | |
| 650 | 0 | |a Electrofisiología |9 269552 | |
| 700 | |a Hall, John E |e author |9 596380 | ||
| 942 | |c BK |2 ddc | ||
| 945 | |d 20081024 00:00:00 |a rbrito | ||
| 952 | |0 0 |1 0 |4 0 |6 612_000000000000000_GUY_2006 |7 0 |8 A |9 418790 |a BIBCUR |b BIBCUR |d 2019-11-22 |i 449282K |l 10 |m 2 |o 612 GUY 2006 |p 449282K |r 2025-04-22 |s 2023-10-10 |w 2019-11-22 |y BK |k KIN | ||
| 952 | |0 0 |1 0 |4 0 |6 612_000000000000000_GUY_2006 |7 0 |8 A |9 418791 |a BIBCUR |b BIBCUR |d 2019-11-22 |i 4492838 |l 13 |m 6 |o 612 GUY 2006 |p 4492838 |r 2025-04-22 |s 2024-09-02 |w 2019-11-22 |y BK |k KIN | ||
| 952 | |0 0 |1 0 |4 0 |6 612_000000000000000_GUY_2006 |7 0 |8 A |9 418792 |a BIBCUR |b BIBCUR |d 2019-11-22 |i 4630068 |l 4 |m 2 |o 612 GUY 2006 |p 4630068 |r 2025-04-22 |s 2024-09-02 |w 2019-11-22 |y BK |k KIN | ||
| 952 | |0 0 |1 0 |4 0 |6 612_000000000000000_GUY_2006 |7 0 |8 A |9 418794 |a BIBCUR |b BIBCUR |d 2019-11-22 |i 4630084 |l 2 |o 612 GUY 2006 |p 4630084 |r 2025-04-22 |s 2024-08-28 |w 2019-11-22 |y BK |k KIN | ||
| 952 | |0 0 |1 0 |4 0 |6 612_000000000000000_GUY_2006 |7 0 |8 A |9 418795 |a BIBCUR |b BIBCUR |d 2019-11-22 |i 4630092 |l 12 |m 3 |o 612 GUY 2006 |p 4630092 |q 2025-05-12 |r 2025-05-05 |s 2025-05-05 |w 2019-11-22 |y BK |k KIN | ||
| 952 | |0 0 |1 0 |4 0 |6 612_000000000000000_GUY_2006 |7 0 |8 A |9 418796 |a BIBCUR |b BIBCUR |d 2019-11-22 |i 4630106 |l 6 |m 3 |o 612 GUY 2006 |p 4630106 |r 2025-04-22 |s 2023-10-26 |w 2019-11-22 |y BK |k KIN | ||
| 952 | |0 0 |1 0 |4 0 |6 612_000000000000000_GUY_2006 |7 0 |8 A |9 418797 |a BIBCUR |b BIBCUR |d 2019-11-22 |i 4630114 |l 7 |m 5 |o 612 GUY 2006 |p 4630114 |r 2025-04-22 |s 2023-09-04 |w 2019-11-22 |y BK |k KIN | ||
| 952 | |0 0 |1 0 |4 0 |6 612_000000000000000_GUY_2006 |7 0 |8 A |9 418798 |a BIBCUR |b BIBCUR |d 2019-11-22 |i 4630122 |l 4 |o 612 GUY 2006 |p 4630122 |q 2025-05-12 |r 2025-05-05 |s 2025-05-05 |w 2019-11-22 |y BK |k KIN | ||
| 952 | |0 0 |1 0 |4 0 |6 612_000000000000000_GUY_2006 |7 0 |8 A |9 418799 |a BIBCUR |b BIBCUR |d 2019-11-22 |i 108920K |l 4 |m 2 |o 612 GUY 2006 |p 108920K |r 2025-04-22 |s 2023-10-05 |w 2019-11-22 |y BK |k KIN | ||